000 00911nac a22002417a 4500
001 BR7702602
003 BR-BrBNA
005 20240105114053.0
008 230509b bl.|||m| |||| 00| 0 por d
040 _aBR-BrBNA
_bpor
_cBiblioteca Nacional de Agricultura
072 _aE30
090 _aE30 BR7702602
110 1 _aComissao Estadual de Planejamento Agricola, Florianopolis, SC (Brasil)
_92047
245 1 _aPlano anual do setor publico agricola. PASPAG, 1977 [Comissao Estadual de Planejamento Agricola de Santa Catarina; Brasil]
260 3 _aFlorianopolis, SC (Brasil):
_c1977.
300 _a79 p.
490 _aPlano Anual do Setor Publico Agricola - Comissao Estadual de Planejamento Agricola (Brazil)
_v
_x
650 _aProjeto de desenvolvimento
650 _aDesenvolvimento agricola
650 _aSanta Catarina
909 _a202312
_bLúcia Elande
_c55
_dLúcia Elande
942 _2AGRIS
_n0
_cMS
999 _c267225
_d267225